| 000 | 01207nam a2200169 4500 | ||
|---|---|---|---|
| 999 |
_c4574 _d4574 |
||
| 020 | _a9964 78 4287 | ||
| 050 | _aHD31.M46 | ||
| 100 | _aSamuel Oppong Mensah | ||
| 245 |
_aBusiness Management _cSamuel Oppong Mensah |
||
| 250 | _a3ed ed | ||
| 260 |
_aAccra-Ghana _bAsempa Publishers _c2012 |
||
| 300 |
_axvi, 354p _b23cm |
||
| 505 | _aChapter 1 Meaning of Management Chapter 2 Nature and scope planning Chapter 3 Organizing Chapter 4 Directing Chapter 5 Controlling Chapter 6 Money and Banking Chaper 7 Stock Exchange chapter 8 Negotiable Instruments Chapter 9 Insurance Chapter 10 International trade Chapter 11 Communication Chapter 12 African growth and opportunity Act Chapter 13 Legal enviroment oka of business Chapter 14 Vital objectives of businesses Chapter 15 Role of government in the economy Chapter 16 Small scale industries Chapter 17 Business organizations Chapter 18 Computers and business Chapter 19 Globalization Chapter 20 Entrepreneurship Chapter 21 Production management Chapter 22 Personnel management Chapter 23 Marketing management References | ||
| 650 | _xBusiness Management | ||
| 700 | _aSamuel Oppong Mensah | ||
| 942 | _cBK | ||